01129nam a2200313Ia 4500001001200000003000800012006001900020007001500039008004100054010001700095015001900112020002400131040002100155035002000176050002800196082001400224100001900238245007000257260005500327300002500382500002000407533015200427630002000579650002700599655002900626710001700655856012600672999001700798ebr10062323CaPaEBRm u cr cn|||||||||040512s2004 xxua s 001 0 eng d z 2004103481 aGBA4X31632bnb z1592004296 (pbk.) : aCaPaEBRcCaPaEBR a(OCoLC)5611534414aML74.4.A36b.G73 2004eb04a006.52221 aGrebler, Eric.10aAdobe audition ignite!h[electronic resource] /cby Eric Grebler. aBoston, Mass. :bThomson Course Techology,cc2004. axiii, 326 p. :bill. aIncludes index. aElectronic reproduction.bPalo Alto, Calif. :cebrary,d2009.nAvailable via World Wide Web.nAccess may be limited to ebrary affiliated libraries.00aAdobe Audition. 0aDigital audio editors. 7aElectronic books.2local2 aebrary, Inc.40uhttp://site.ebrary.com/lib/rucke/Doc?id=10062323zAn electronic book accessible through the World Wide Web; click to view c47044d47044